Catalog

Record Details

Catalog Search



Dohled a okraj: rozhodovací procesy  Cover Image Book Book

Dohled a okraj: rozhodovací procesy / Markéta Levínská, Dana Bittnerová, David Doubek

Record details

  • ISBN: 978-80-7571-008-6
  • Physical Description: 244 stran ; 21 cm
  • Edition: Vydání 1.
  • Publisher: Praha : Fakulta humanitních studií Univerzity Karlovy, 2017

Content descriptions

Bibliography, etc. Note:
Obsahuje bibliografii a bibliografické odkazy
Language Note:
Anglické resumé
Subject: Romové > Česko > 21. století
sociálně vyloučené lokality > Česko > 21. století
sociální práce > Česko > 21. století
terénní sociální pracovníci > Česko > 21. století
pomáhající chování
terénní výzkum > Česko > 21. století
kulturní antropologie
Romanies > Czechia > 21st century
sites of social exclusion > Czechia > 21st century
social work > Czechia > 21st century
field social workers > Czechia > 21st century
helping behavior
field research > Czechia > 21st century
cultural anthropology
Genre: kolektivní monografie
collective monographs

Available copies

  • 1 of 1 copy available at Common Catalog SPOK.

Holds

  • 0 current holds with 1 total copy.
Show Only Available Copies
Location Call Number / Copy Notes Barcode Shelving Location Status Due Date
Jabok Library Soc-6.4.3
Pořízeno z projektu Škola jako místo, kde se vzdělává a žije: CZ.07.4.68/0.0/0.0/16_037/0000325
424480040681 Odborná literatura Available -

LDR 02614nam a2200697 i 4500
00130281
003CZ-PrJAB
00520180523083438.0
007ta
008171219s2017 xr f 000 0 cze
015 . ‡acnb002963177
020 . ‡a978-80-7571-008-6 ‡q(brožováno)
035 . ‡a(CZ PrNK)nkc20172963177
035 . ‡a(OCoLC)1022792152
040 . ‡aBOA001 ‡bcze ‡erda
0410 . ‡acze ‡beng
043 . ‡ae-xr---
045 . ‡ay0y1
072 7. ‡a364-1/-7 ‡xDruhy sociální pomoci a služeb ‡2Konspekt ‡918
080 . ‡a(=214.58) ‡2MRF
080 . ‡a316.334.55/.56:364.624.4 ‡2MRF
080 . ‡a364-78 ‡2MRF
080 . ‡a364-43-787 ‡2MRF
080 . ‡a364-787 ‡2MRF
080 . ‡a303.442.23 ‡2MRF
080 . ‡a572.026 ‡2MRF
080 . ‡a(437.3) ‡2MRF
080 . ‡a(048.8:082) ‡2MRF
1001 . ‡aLevínská, Markéta ‡7jx20120221021 ‡4aut
24510. ‡aDohled a okraj: rozhodovací procesy / ‡cMarkéta Levínská, Dana Bittnerová, David Doubek
24630. ‡aRozhodovací procesy
250 . ‡aVydání 1.
264 1. ‡aPraha : ‡bFakulta humanitních studií Univerzity Karlovy, ‡c2017
300 . ‡a244 stran ; ‡c21 cm
336 . ‡atext ‡btxt ‡2rdacontent
337 . ‡abez média ‡bn ‡2rdamedia
338 . ‡asvazek ‡bnc ‡2rdacarrier
504 . ‡aObsahuje bibliografii a bibliografické odkazy
546 . ‡aAnglické resumé
648 4. ‡a2008-2015
648 7. ‡a21. století ‡7ch460559 ‡2czenas
65007. ‡aRomové ‡7ph118051 ‡zČesko ‡y21. století ‡2czenas
65007. ‡asociálně vyloučené lokality ‡7ph941068 ‡zČesko ‡y21. století ‡2czenas
65007. ‡asociální práce ‡7ph125805 ‡zČesko ‡y21. století ‡2czenas
65007. ‡aterénní sociální pracovníci ‡7ph270774 ‡zČesko ‡y21. století ‡2czenas
65007. ‡apomáhající chování ‡7ph124334 ‡2czenas
65007. ‡aterénní výzkum ‡7ph496683 ‡zČesko ‡y21. století ‡2czenas
65007. ‡akulturní antropologie ‡7ph122018 ‡2czenas
65009. ‡aRomanies ‡zCzechia ‡y21st century ‡2eczenas
65009. ‡asites of social exclusion ‡zCzechia ‡y21st century ‡2eczenas
65009. ‡asocial work ‡zCzechia ‡y21st century ‡2eczenas
65009. ‡afield social workers ‡zCzechia ‡y21st century ‡2eczenas
65009. ‡ahelping behavior ‡2eczenas
65009. ‡afield research ‡zCzechia ‡y21st century ‡2eczenas
65009. ‡acultural anthropology ‡2eczenas
655 7. ‡akolektivní monografie ‡7fd501537 ‡2czenas
655 9. ‡acollective monographs ‡2eczenas
7001 . ‡aBittnerová, Dana, ‡d1966- ‡7mzk2004230807 ‡4aut
7001 . ‡aDoubek, David ‡7jx20120221008 ‡4aut
910 . ‡aABG312
901 . ‡a30281 ‡b ‡c30281 ‡tbiblio

Additional Resources